000 00283nam a22001337a 4500
008 171020b xxu||||| |||| 00| 0 eng d
020 _a0805367802
041 _aeng
080 _a338
100 _a54
101 _aMEN
245 _aDATA MANAGEMENT
_cHOFFER.J.A
942 _2udc
_cBK
999 _c35180
_d35180